00682cam a22002291a 4500001001300000003000400013005001700017008004100034010001700075035002000092040002700112042001200139050002100151100003000172245004600202260006000248300002100308504005100329650001400380650004100394999001700435ne 65001285 DLC20260227111814.0850426s1965 ua 001 0 arar  ane 65001285  a(OCoLC)11966302 aDLCcTxU-LdTxU-LdDLC apremarc00aK1130b.Y96 19651 aYūnus, ʻAlī Ḥasan.10aʻAqd al-naql /cʻAlī Ḥasan Yūnus. a[al-Qāhirah?] :bDār al-Fikr al-ʻArabī,c[1965?] a439 p. ;c23 cm. aIncludes bibliographical references and index. 0aCarriers. 0aTransportationxLaw and legislation. c48217d48217